000
00209 a2200109 4500
020
_a
9780064434010
041
_a
spa
100
_a
Slobodkina;Esphyr
245
_a
Se venden gorras
942
_c
BK
952
_7
1
999
_c
19797
_d
19797